Afrykańskie zwierzęta - nagła śmierć - Statystyki

Ogólne statystyki
  • Ten quiz został rozwiązany 443 razy
  • Średni wynik to 8 z 20
Answers on the Grid
Answers color-coded by a green-red scale on the quiz's grid according to % correct below.
Anakonda
Bawół
Biruang malajski
Emu
Gepard
Gnu
Guziec
Hiena
Hipopotam
Jaguar
Kajman
Kangur
Koala
Kojot
Kudu
Lampart
Lemur
Mandryl
Mangusteczka
Mrównik
Niedźwiedź polarny
Nosorożec
Okapi
Orangutan
Panda czerwona
Pawian
Pingwin cesarski
Pirania
Serwal
Słoń
Struś
Szympans
Tapir
Tukan
Waran z komodo
Żyrafa
 
Statystyki odpowiedzi
Odpowiedź % Poprawnych
Hipopotam
66%
Gepard
63%
Hiena
63%
Bawół
62%
Gnu
59%
Guziec
58%
Nosorożec
53%
Słoń
53%
Żyrafa
53%
Lemur
39%
Lampart
34%
Szympans
31%
Okapi
30%
Pawian
29%
Struś
26%
Serwal
20%
Mrównik
19%
Mandryl
18%
Kudu
14%
Mangusteczka
13%
Nie znaleziono quizów pasujących do podanych kryteriów
Rozkład punktacji
Procent ludzi z każdym wynikiem
Percentyl według liczby udzielonych odpowiedzi
Twoja historia wyników
Nie rozwiązałeś tego quizu